| 000 | 00753nam a2200277Ia 4500 | ||
|---|---|---|---|
| 001 | Para_7213 | ||
| 003 | CHAP | ||
| 008 | 220125s1955 xx 000 0 und d | ||
| 010 | _a206098 | ||
| 040 | _cCHAP | ||
| 090 | _aPA R-24 | ||
| 100 |
_aBrazzel, J.R. _915178 |
||
| 245 |
_aBehavior of pink bollworm larvae / _c J.R. Brazzel and D.F. Martin |
||
| 300 | _a3 p. | ||
| 500 | _aSobretiro de: Journal economic entomology 48 (6): 677-679, 1958 | ||
| 650 |
_aAlgodón _x plagas _94046 |
||
| 650 |
_aGusano rosado _951563 |
||
| 700 |
_aMartin, D.F. _971644 |
||
| 901 | _aPA R-24 | ||
| 902 | _aA | ||
| 905 | _a0000001955 0000000000 00 | ||
| 910 | _a1955 | ||
| 942 | _cPARA | ||
| 942 |
_cPARA _d1 |
||
| 999 |
_c206098 _d206098 |
||